000 00830 a2200217 4500
001 41322
005 20260407155707.0
008 260407a1974 arg spa d
003 AR-UNSa-BCEJYS
040 _aAR-UNSa-BCEJYS
_bspa
_cAR-UNSa-BCEJYS
080 _a347.94
_xPruebas. Práctica de la prueba
245 1 0 _aTeoría general de la prueba judicial
250 _a3a. ed.
264 1 _aBuenos Aires :
_bVíctor P. de Zavalía
_c1974
300 _a2 v. (782 ; 743 p.)
_c23 cm.
505 _aTomo I: 1. Importancia y definiciones de las pruebas judiciales - 2. Noción o concepto de la prueba. El derecho subjetivo de probar - 3. Naturaleza del derecho probatorio y de las normas sobre pruebas judiciales
041 _aspa
942 _cBK
590 _aniveau_biblio:m niveau_hierar:0
100 1 _aDevis Echandia, Hernando
999 _c3465
_d3465